000 00299nam a22001097a 4500
008 160613b xxu||||| |||| 00| 0 eng d
020 _a078176131X
041 _aeng
080 _a618.2
245 _aNursing diagnosis / Application to clinical practice:
_cLynda Juall Carpenito-Moyet;
942 _2udc
_cBK
999 _c2451
_d2451